Statistics for top 10 toronto raptors players ever

Click here to take the quiz!

General Stats

  • This quiz has been taken 264 times
  • The average score is 6 of 10

Answer Stats

Hint Answer % Correct
1Carter
98%
2DeRozan
97%
4Lowry
97%
3Bosh
79%
5McGrady
78%
6Calderon
34%
7Stoudamire
25%
8Peterson
24%
9Bargnani
24%
10Camby
12%

Score Distribution

Percentile by Number Answered

Percent of People with Each Score

Your Score History

You have not taken this quiz